书目信息 |
| 题名: |
岩石力学与工程
|
|
| 作者: | 蔡美峰 主编 | |
| 分册: | ||
| 出版信息: | 北京 科学出版社 2013.09 |
|
| 页数: | xiii, 485页 | |
| 开本: | 24cm | |
| 丛书名: | ||
| 单 册: | ||
| 中图分类: | TU4 | |
| 科图分类: | ||
| 主题词: | 岩石力学--yan shi li xue--高等教育--教材 , 岩土工程--yan tu gong cheng--高等教育--教材 | |
| 电子资源: | ||
| ISBN: | 978-7-03-038440-9 | |
| 000 | 01006nam0 2200301 450 | |
| 001 | CA2016000083 | |
| 005 | 20201118164016.69 | |
| 010 | @a978-7-03-038440-9@dCNY56.00 | |
| 100 | @a20131016d2013 em y0chiy50 ea | |
| 101 | 0 | @achi |
| 102 | @aCN@b110000 | |
| 105 | @aak a 000yy | |
| 106 | @ar | |
| 200 | 1 | @a岩石力学与工程@Ayan shi li xue yu gong cheng@f蔡美峰主编@Fcai mei feng zhu bian |
| 205 | @a第2版 | |
| 210 | @a北京@c科学出版社@d2013.09 | |
| 215 | @axiii, 485页@c图@d24cm | |
| 320 | @a有书目 | |
| 330 | @a本书内容包括: 岩石物理力学性质 ; 岩体力学性质 ; 地应力及其测量 ; 岩石本构关系与强度理论 ; 岩石力学数值分析方法 ; 岩石地下工程等。 | |
| 333 | @a普通高等教育“十五”国家级规划教材 | |
| 540 | @a岩石力学与工程 | |
| 606 | 0 | @a岩石力学@Ayan shi li xue@x高等教育@j教材 |
| 606 | 0 | @a岩土工程@Ayan tu gong cheng@x高等教育@j教材 |
| 690 | @aTU4@v5 | |
| 701 | 0 | @a蔡美峰@Acai mei feng@4主编 |
| 801 | @aCN | |
| 901 | @a24 | |
| 905 | @a河南城建学院图书馆@b1293689-91@dTU4@eC041=2@f3 | |
| 岩石力学与工程/蔡美峰主编.-第2版.-北京:科学出版社,2013.09 |
| xiii, 485页:图;24cm |
| 使用对象:普通高等教育“十五”国家级规划教材 |
| ISBN 978-7-03-038440-9:CNY56.00 |
| 本书内容包括: 岩石物理力学性质 ; 岩体力学性质 ; 地应力及其测量 ; 岩石本构关系与强度理论 ; 岩石力学数值分析方法 ; 岩石地下工程等。 |
| ● |
| 相关链接 |
|
|
|
正题名:岩石力学与工程
索取号:TU4/C041=2
 
预约/预借
| 序号 | 登录号 | 条形码 | 馆藏地/架位号 | 状态 | 备注 |
| 1 | 1293689 | 212936890 | 建筑库101/101建筑库 92排1列4层/ [索取号:TU4/C041=2] | 在馆 | |
| 2 | 1293690 | 212936906 | 建筑库101/101建筑库 92排1列4层/ [索取号:TU4/C041=2] | 在馆 | |
| 3 | 1293691 | 212936913 | 建筑库101/101建筑库 92排1列4层/ [索取号:TU4/C041=2] | 在馆 |